Orgoglio e pregiudizio : le lesbiche in Italia nel 2010: politica, storia, teoria, immaginari /
Gardado en:
| Outros autores: | |
|---|---|
| Formato: | Libro |
| Idioma: | Lingua italiana |
| Publicado: |
Roma :
Alegre,
2010
|
| Series: | QV ;
3 |
| Subjects: | |
| Tags: |
Sen Etiquetas, Sexa o primeiro en etiquetar este rexistro!
|
MARC
| LEADER | 00000nam a22000007i 4500 | ||
|---|---|---|---|
| 001 | IT\ICCU\UBO\3842763 | ||
| 003 | ItRI | ||
| 005 | 20260115232153.0 | ||
| 008 | 110302s2010 it |||||| ||||| |||||c | ||
| 020 | |a 9788889772539 | ||
| 040 | |b ita |c importazione bologna sebina | ||
| 041 | 7 | |a ita |2 ISO-639-2 | |
| 082 | |a 306.76 |9 TENDENZE SESSUALI |2 19 | ||
| 130 | 0 | |a Orgoglio e pregiudizio : le lesbiche in Italia nel 2010 |3 IT\ICCU\RL1\0083036 | |
| 245 | 0 | 0 | |a Orgoglio e pregiudizio : |b le lesbiche in Italia nel 2010: politica, storia, teoria, immaginari / |c [Lidia Cirillo ... et al.]. |
| 260 | |a Roma : |b Alegre, |c 2010 | ||
| 300 | |a 159 p. ; |c 17 cm. | ||
| 650 | 7 | |a Lesbismo |x Italia -Sec.21. |2 scbi | |
| 700 | 1 | |a Cirillo, Lidia, |d (1940- ) |0 IT\ICCU\RAVV\086913 | |
| 830 | 0 | |a QV ; |v 3 |0 IT\ICCU\CFI\0756678 | |
| 942 | |2 ddc |c BK |n 0 | ||
| 952 | |0 0 |1 0 |4 0 |6 L_306_766000000000000_CIR |7 0 |9 21350 |a BO |b BO |d 2026-01-15 |i 14691 |l 0 |o L 306.766 CIR |p BO14691 |r 2026-01-15 23:21:53 |w 2026-01-15 |x [Sebina 5] [1 v.] |y BK |z 1 v. | ||
| 952 | |0 0 |1 0 |4 0 |6 L_306_766000000000000_CIR |7 0 |9 21351 |a BO |b BO |d 2026-01-15 |i 14692 |l 0 |o L 306.766 CIR |p BO14692 |r 2026-01-15 23:21:53 |w 2026-01-15 |x [Sebina 5] [1 v.] |y BK |z 1 v. (2. copia) | ||
| 999 | |c 18238 |d 18238 | ||